000
00275nam a2200109Ia 4500
008
190914s9999||||xx |||||||||||||| ||und||
100
_a
William G Zikmund
245
0
_a
Exploring Marketing Research
260
_a
Canada
_b
Tata McGraw Hill
_c
2006
300
_a
655
942
_c
BK
999
_c
9665
_d
9665